| 000 | 00670nam a2200193 i 4500 | ||
|---|---|---|---|
| 001 | 20380 | ||
| 003 | ES-MaACL | ||
| 005 | 20250805063225.0 | ||
| 007 | t| | ||
| 008 | 021112s1981 sp ||||1| spa d | ||
| 100 | 1 |
_aAgulló y Cobo, Mercedes, _d1925-2019 _918903 |
|
| 245 | 1 | 0 |
_aMás noticias sobre pintores madrileños de los siglos XVI al XVIII / _cMercedes Agulló Cobo. |
| 260 |
_aMadrid : _bAyuntamiento, Delegación de Cultura, _c[1981] |
||
| 300 |
_a299 p. ; _c24 cm. |
||
| 710 | 1 |
_aMadrid. _bAyuntamiento. _bDelegación de Cultura. _95579 |
|
| 852 |
_aES-MaACL _jL-1941 _bR.102906 |
||
| 852 |
_aES-MaACL _jL-5566 _bR.106066 |
||
| 999 |
_c20380 _d20380 |
||